000 00791nam a22001935i 4500
001 48677
003 ES-MaACL
005 20250907063041.0
007 t|
008 950728s1883 sp ||||1| spa d
040 _aCAM
_bspa
_cCAM
100 1 _aDíaz y Pérez, Nicolás,
_d1841-1902
_944467
245 1 0 _aCatálogo de los objetos, papeles, libros y documentos que la provincia de Badajoz presentó en la referida exposición [Exposición Internacional-Americanista, Madrid 1881] /
_credáctalo... Nicolás Diaz y Pérez...
260 _aBadajoz :
_b[s.n.],
_c1883 (
_ftipografía La Minerva Extremeña)
300 _a66, [3] p. ;
_c23 cm.
711 2 _aExposición Internacional Americanista (
_d1881.
_cMadrid)
_9696
852 _aES-MaACL
_jT-959-F-2
999 _c48677
_d48677